000
00337nam a22001457a 4500
003
OSt
008
250516b |||||||| |||| 00| 0 eng d
100
_a
SARSAWATI, Meharshi Dayanand
245
_a
Updesh Manjari
250
_a
21th
260
_a
New Delhi
_b
Arya Prakashan
_c
2021
300
_a
222
650
_a
General
942
_2
ddc
_c
BK
999
_c
13582
_d
13582